[Event "55th Groningen Open 2017"]
[Site "Groningen NED"]
[Date "2017.12.29"]
[Round "8.10"]
[White "Zelbel, Patrick"]
[Black "Kokje, Joris"]
[Result "1/2-1/2"]
[WhiteTitle "IM"]
[WhiteElo "2456"]
[BlackElo "2282"]
[WhiteFideId "24624322"]
[BlackFideId "1051024"]
[EventDate "2017.12.22"]

1. e4 c5 2. Nf3 d6 3. Bb5+ Nc6 4. O-O Bd7 5. Re1 Nf6 6. c3 a6 7. Bc4 Bg4 8. d4
Bxf3 9. gxf3 e6 10. d5 Ne5 11. Bf1 g5 12. Kh1 Rg8 13. Nd2 Qd7 14. Nc4 Nxc4 15.
Bxc4 e5 16. Rg1 h6 17. a4 Be7 18. a5 Kf8 19. Bf1 Nh5 20. Be3 Nf4 21. Qa4 Qc8 22.
b4 g4 23. bxc5 gxf3 24. Rxg8+ Kxg8 25. Bxf4 exf4 26. cxd6 Bxd6 27. Qd4 Bc5 28.
Qf6 Bxf2 29. Qxf4 Qxc3 30. Rb1 Rc8 31. Qxh6 Be3 32. Qh3 f2 33. Rxb7 Re8 34. Qg3+
Kf8 35. Qd6+ Kg8 36. Qg3+ Kf8 37. Rb8 Rxb8 38. Qxb8+ Kg7 39. Qg3+ Kf8 40. Qb8+
Kg7 41. Qg3+ Kf8 42. Qd6+ Kg7 43. Qxa6 Bd2 44. Qe2 Qxa5 45. Qxf2 Bc3 46. Qg3+
Kf8 47. d6 Be5 48. Qd3 Qb6 49. d7 Ke7 50. Bh3 Bc7 51. Kg2 Qb2+ 52. Kf3 Qb6 53.
Bf5 Bxh2 54. Qd2 Bc7 55. Qg5+ Qf6 56. Qe3 Qe5 57. Qg5+ Qf6 58. Kg4 Qxg5+ 59.
Kxg5 Be5 1/2-1/2

[Event "55th Groningen Open 2017"]
[Site "Groningen NED"]
[Date "2017.12.29"]
[Round "8.11"]
[White "Stoyanov, Tsvetan"]
[Black "Schoppen, Casper"]
[Result "1/2-1/2"]
[WhiteTitle "FM"]
[BlackTitle "IM"]
[WhiteElo "2242"]
[BlackElo "2395"]
[WhiteFideId "2917173"]
[BlackFideId "1046730"]
[EventDate "2017.12.22"]

1. e4 e5 2. Nf3 Nc6 3. Bc4 Bc5 4. c3 Nf6 5. d3 O-O 6. O-O d5 7. exd5 Nxd5 8. Re1
Bg4 9. Nbd2 Nb6 10. Bb5 Bd6 11. Ne4 Re8 12. Be3 a6 13. Bxc6 bxc6 14. Ng3 Qf6 15.
Ne4 Qd8 16. Ng3 Qf6 17. Ne4 Qd8 18. Ng3 1/2-1/2

[Event "55th Groningen Open 2017"]
[Site "Groningen NED"]
[Date "2017.12.29"]
[Round "8.12"]
[White "Maatman, Nick"]
[Black "Van Dael, Siem"]
[Result "1/2-1/2"]
[WhiteTitle "FM"]
[BlackTitle "FM"]
[WhiteElo "2367"]
[BlackElo "2268"]
[WhiteFideId "1040391"]
[BlackFideId "1049771"]
[EventDate "2017.12.22"]

1. d4 Nf6 2. c4 g6 3. Nc3 Bg7 4. e4 d6 5. Be2 O-O 6. Be3 c5 7. d5 e6 8. Nf3 exd5
9. exd5 Nbd7 10. O-O Ng4 11. Bg5 f6 12. Bh4 Nde5 13. Nxe5 Nxe5 14. f4 Nf7 15.
Qd2 Qa5 16. Rae1 Nh6 17. Bd3 Bd7 18. Re7 Rf7 19. Rfe1 Raf8 20. R7e6 Bxe6 21.
dxe6 Re7 22. f5 Rfe8 23. Qf2 Ng4 24. Qe2 Ne5 25. Nd5 b5 26. Nxe7+ Rxe7 27. b3
Qc3 28. Rd1 Nxd3 29. Qxd3 Qxd3 30. Rxd3 gxf5 31. Rxd6 bxc4 32. bxc4 Kf8 33. Bf2
Rc7 34. Ra6 Ke8 35. Be3 Bf8 36. Kf2 Rb7 37. Kf3 Rb6 38. Rxa7 Rxe6 39. Rxh7 Ra6
40. Rh5 Ra3 41. h3 Kf7 42. g4 fxg4+ 43. hxg4 Kg6 44. Rh2 Rc3 45. a4 Ra3 46. Ke4
Rxa4 1/2-1/2

[Event "55th Groningen Open 2017"]
[Site "Groningen NED"]
[Date "2017.12.30"]
[Round "9.1"]
[White "Bok, Benjamin"]
[Black "Kuipers, Stefan"]
[Result "1/2-1/2"]
[WhiteTitle "GM"]
[BlackTitle "IM"]
[WhiteElo "2601"]
[BlackElo "2440"]
[WhiteFideId "1017063"]
[BlackFideId "1018400"]
[EventDate "2017.12.22"]

1. e4 e6 2. d4 d5 3. Nc3 Nf6 4. e5 Nfd7 5. f4 c5 6. Nf3 Nc6 7. Be3 a6 8. Ne2 b5
9. c3 b4 10. cxb4 cxd4 11. Nexd4 Bxb4+ 12. Kf2 Nxd4 13. Bxd4 O-O 14. Rc1 f6 15.
h4 Qe7 16. a3 Bc5 17. b4 Bxd4+ 18. Qxd4 a5 19. Bd3 1/2-1/2

[Event "55th Groningen Open 2017"]
[Site "Groningen NED"]
[Date "2017.12.30"]
[Round "9.2"]
[White "Kislinsky, Alexey"]
[Black "Turov, Maxim"]
[Result "1/2-1/2"]
[WhiteTitle "GM"]
[BlackTitle "GM"]
[WhiteElo "2513"]
[BlackElo "2618"]
[WhiteFideId "14108801"]
[BlackFideId "4120086"]
[EventDate "2017.12.22"]

1. e4 c6 2. d4 d5 3. exd5 cxd5 4. c4 Nf6 5. Nc3 Nc6 6. Nf3 Be6 7. c5 g6 8. Bb5
Bg7 9. O-O O-O 10. h3 Ne4 11. Re1 Nxc3 12. bxc3 Bd7 13. Bf4 Na5 14. a4 b6 15.
Ne5 Be8 16. c6 Bxe5 17. dxe5 Bxc6 18. Bh6 Bxb5 19. Bxf8 Qxf8 20. axb5 e6 21. Ra4 1/2-1/2

[Event "55th Groningen Open 2017"]
[Site "Groningen NED"]
[Date "2017.12.30"]
[Round "9.3"]
[White "Postny, Evgeny"]
[Black "Kryakvin, Dmitry"]
[Result "1-0"]
[WhiteTitle "GM"]
[BlackTitle "GM"]
[WhiteElo "2581"]
[BlackElo "2580"]
[WhiteFideId "2804344"]
[BlackFideId "4153278"]
[EventDate "2017.12.22"]

1. d4 d5 2. c4 c6 3. Nf3 Nf6 4. Qb3 dxc4 5. Qxc4 Bg4 6. Nbd2 Nbd7 7. g3 e6 8.
Bg2 Be7 9. O-O a5 10. Ne5 Bh5 11. Ndf3 O-O 12. Rd1 Nxe5 13. Nxe5 Nd7 14. Bf4
Nxe5 15. Bxe5 Qb6 16. Qc2 Rfd8 17. Be4 Bg6 18. Bxg6 hxg6 19. Rd3 a4 20. h4 Rd5
21. Rad1 Rb5 22. R1d2 g5 23. hxg5 Bxg5 24. e3 Qd8 25. Qc4 Ra6 26. Rc2 Rab6 27.
Rdd2 Rb4 28. Qe2 f6 29. Bf4 Bxf4 30. exf4 Qd7 31. f5 exf5 32. d5 c5 33. Rxc5 Re4
34. Qh5 Re1+ 35. Kh2 Rc6 36. Rxc6 bxc6 37. d6 Re4 38. Kg2 c5 39. Qf3 Kf7 40. Qc3
Re5 41. Qc4+ Kg6 42. f3 Kh7 43. Kf2 g5 44. Qd3 Kh6 45. Re2 c4 46. Qd4 a3 47.
bxa3 Qb5 48. Rd2 Qb1 49. Rd1 Qxa2+ 50. Qd2 Qxd2+ 51. Rxd2 Re8 52. Rd4 Rd8 53.
Ke3 Rd7 54. Kd2 Kg7 55. Kc3 Kf7 56. Kxc4 Ke8 57. a4 Ra7 58. Kb5 Rb7+ 59. Kc6 Rb3
60. a5 Rxf3 61. a6 Ra3 62. d7+ Kd8 63. Kb5 f4 64. gxf4 g4 65. Ra4 Rb3+ 66. Kc6
Rb8 67. a7 Ra8 68. Re4 1-0

[Event "55th Groningen Open 2017"]
[Site "Groningen NED"]
[Date "2017.12.30"]
[Round "9.4"]
[White "Pruijssers, Roeland"]
[Black "Tiviakov, Sergei"]
[Result "1/2-1/2"]
[WhiteTitle "GM"]
[BlackTitle "GM"]
[WhiteElo "2543"]
[BlackElo "2583"]
[WhiteFideId "1013068"]
[BlackFideId "1008013"]
[EventDate "2017.12.22"]

1. c4 e5 2. g3 Nf6 3. Bg2 d5 4. cxd5 Nxd5 5. Nc3 Ne7 6. Nf3 Nbc6 7. b4 a6 8. a3
g6 9. Bb2 Bg7 10. O-O O-O 11. Rc1 Nd4 12. d3 c6 13. Nd2 Bg4 14. h3 Be6 15. Nce4
Bd5 16. e3 Ne6 17. Nf3 Qc7 18. Qc2 Rad8 19. Ned2 Bxf3 20. Nxf3 Rd7 21. Rfd1 Rfd8
22. Rd2 Qd6 23. Rcd1 Nd5 24. Qb1 Nb6 25. Qa1 f6 26. Qb1 Qe7 27. h4 Qf7 28. Qc2
Nd5 29. Bh3 Re7 30. e4 Ndc7 31. d4 exd4 32. Nxd4 Rf8 33. Nxe6 Nxe6 34. f4 Rfe8
35. Bf1 Kh8 36. Bc4 Qf8 37. Rd7 a5 38. h5 gxh5 39. Qb3 Nd8 40. Qd3 Nf7 41. Qf3
b5 42. Bb3 axb4 43. axb4 Nh6 44. R7d4 Ng4 45. Rc1 f5 46. e5 Nxe5 47. fxe5 Bxe5
48. Re1 Bg7 49. Rxe7 Qxe7 50. Qf2 c5 51. bxc5 Qxc5 52. Kg2 h4 53. gxh4 Qe5 54.
Bf7 Rf8 55. Bd5 Qf6 56. Kh1 f4 57. Rb4 Qf5 58. Bxg7+ Kxg7 59. Rxb5 f3 60. Rb7+
Kh8 61. Qd4+ Rf6 62. Rb8+ Kg7 63. Rg8+ Kh6 64. Rg4 Rg6 65. Qe3+ Kh5 66. Bxf3
Rxg4 67. Qg5+ 1/2-1/2

[Event "55th Groningen Open 2017"]
[Site "Groningen NED"]
[Date "2017.12.30"]
[Round "9.5"]
[White "Plat, Vojtech"]
[Black "Beerdsen, Thomas"]
[Result "1/2-1/2"]
[WhiteTitle "GM"]
[BlackTitle "IM"]
[WhiteElo "2567"]
[BlackElo "2419"]
[WhiteFideId "325740"]
[BlackFideId "1030108"]
[EventDate "2017.12.22"]

1. e4 c5 2. c3 Nf6 3. e5 Nd5 4. Nf3 d6 5. d4 cxd4 6. Qxd4 e6 7. exd6 Nc6 8. Bb5
Bd7 9. Bxc6 Bxc6 10. Nbd2 Qxd6 11. Ne4 Qc7 12. O-O f6 13. Re1 e5 14. Ng3 Be7 15.
Qg4 g6 16. Bh6 Bd7 17. Qh4 O-O-O 18. Rad1 Bc6 19. Qg4+ Kb8 20. Qe6 Bc5 21. Ne4
Rde8 22. Qh3 Bb6 23. c4 Nf4 24. Bxf4 Bxe4 25. Rxe4 exf4 26. Rde1 Rxe4 27. Rxe4
Qc5 28. Rd4 Re8 29. g3 Qc6 30. Rxf4 g5 31. Rf5 Qe4 32. g4 Qxc4 33. Rxf6 Qc1+ 34.
Kg2 Qxb2 35. Rxb6 axb6 36. Nxg5 Qxa2 37. Qd3 Rg8 38. h4 Ka7 39. Qxh7 Rf8 40. Nh3
Qd5+ 41. Kh2 Rf3 42. Qg7 Ra3 43. Qf6 Qd1 44. Qf5 Ra1 45. Kg3 Ra3+ 46. Kg2 Ra5
47. Qf3 Qxf3+ 48. Kxf3 Ra3+ 49. Kg2 b5 50. h5 b4 51. h6 b3 52. h7 b2 53. h8=Q
b1=Q 54. Qd4+ Qb6 55. Qf4 Qc6+ 56. f3 b5 57. g5 b4 58. Nf2 b3 59. Qb4 Qa6 60.
Qe7+ Ka8 61. Qe8+ Ka7 62. Qe7+ Ka8 63. Qd8+ Ka7 64. Qe7+ Ka8 65. Qf8+ Ka7 66.
Qe7+ 1/2-1/2

[Event "55th Groningen Open 2017"]
[Site "Groningen NED"]
[Date "2017.12.30"]
[Round "9.6"]
[White "Anurag, Mhamal"]
[Black "Warmerdam, Max"]
[Result "1/2-1/2"]
[WhiteTitle "GM"]
[BlackTitle "FM"]
[WhiteElo "2488"]
[BlackElo "2356"]
[WhiteFideId "5024366"]
[BlackFideId "1048104"]
[EventDate "2017.12.22"]

1. d4 Nf6 2. c4 c5 3. d5 g6 4. Nc3 d6 5. e4 Bg7 6. Be2 O-O 7. h4 b5 8. cxb5 a6
9. b6 Qxb6 10. h5 Nbd7 11. g4 Rd8 12. hxg6 fxg6 13. g5 Ne8 14. Nf3 a5 15. Nh2
Ba6 16. Ng4 Rdb8 17. Nh6+ Bxh6 18. Rxh6 Qb4 19. Bxa6 Rxa6 20. Qg4 Nf8 21. Bd2
Nc7 22. b3 Nb5 23. Ne2 Qa3 24. Bc1 Qb4+ 25. Bd2 Qa3 26. Bc1 Qb4+ 27. Bd2 Qa3 28.
Bc1 1/2-1/2

[Event "55th Groningen Open 2017"]
[Site "Groningen NED"]
[Date "2017.12.30"]
[Round "9.7"]
[White "Rahul, Srivatshav P"]
[Black "De Jong, Migchiel"]
[Result "1/2-1/2"]
[BlackTitle "IM"]
[WhiteElo "2331"]
[BlackElo "2331"]
[WhiteFideId "25059653"]
[BlackFideId "1002848"]
[EventDate "2017.12.22"]

1. d4 Nf6 2. c4 g6 3. Nc3 Bg7 4. e4 O-O 5. Be2 c6 6. Nf3 d5 7. e5 Ne4 8. O-O
Nxc3 9. bxc3 dxc4 10. Bxc4 c5 11. e6 Bxe6 12. Bxe6 fxe6 13. Qe2 Qd5 14. dxc5 Nc6
15. Rb1 Bxc3 16. Rd1 Nd4 17. Nxd4 Bxd4 18. Be3 e5 19. Bxd4 exd4 20. Qxe7 Qxa2
21. f3 Rf7 22. Qd6 Re8 23. Qxd4 Re2 24. Qg4 Rd2 1/2-1/2

[Event "55th Groningen Open 2017"]
[Site "Groningen NED"]
[Date "2017.12.30"]
[Round "9.8"]
[White "Ernst, Sipke"]
[Black "Van Dael, Siem"]
[Result "1-0"]
[WhiteTitle "GM"]
[BlackTitle "FM"]
[WhiteElo "2532"]
[BlackElo "2268"]
[WhiteFideId "1004689"]
[BlackFideId "1049771"]
[EventDate "2017.12.22"]

1. d4 Nf6 2. c4 g6 3. Nc3 Bg7 4. e4 d6 5. Be2 O-O 6. Nf3 e5 7. O-O Nc6 8. d5 Ne7
9. Bd2 Nd7 10. g3 f5 11. exf5 Nxf5 12. Ng5 Nf6 13. Bd3 Nd4 14. Ne2 h6 15. Nxd4
hxg5 16. Ne6 Bxe6 17. dxe6 e4 18. Re1 d5 19. cxd5 Qxd5 20. Bc2 Qf5 21. Re2 Kh7
22. Bc3 Qxe6 23. Bxf6 Qxf6 24. Bxe4 Rae8 25. Qd3 Qb6 26. Kg2 Rd8 27. Qc2 c5 28.
Rh1 Bd4 29. h4 gxh4 30. Bxg6+ Kg7 31. Re7+ 1-0

[Event "55th Groningen Open 2017"]
[Site "Groningen NED"]
[Date "2017.12.30"]
[Round "9.9"]
[White "Kokje, Joris"]
[Black "Van Foreest, Lucas"]
[Result "0-1"]
[BlackTitle "IM"]
[WhiteElo "2282"]
[BlackElo "2481"]
[WhiteFideId "1051024"]
[BlackFideId "1039792"]
[EventDate "2017.12.22"]

1. d4 Nf6 2. c4 e6 3. Nf3 a6 4. g3 b5 5. Bg2 Bb7 6. Qb3 Nc6 7. Qd3 Nb4 8. Qd1
Be4 9. O-O Nc2 10. Nc3 Nxa1 11. Nxe4 Nxe4 12. Ng5 Nxg5 13. Bxg5 Qxg5 14. Bxa8
bxc4 15. Bf3 c5 16. dxc5 Bxc5 17. Qxa1 Qe5 18. b3 Qxa1 19. Rxa1 c3 20. Rc1 Bd4
21. b4 Ke7 22. a3 f5 23. e3 Bf6 24. Bb7 d5 25. Ra1 Rd8 26. Bxa6 d4 27. exd4 Rxd4
28. Bb5 Rd2 29. Ba4 Bd4 30. Rd1 Bxf2+ 31. Kf1 Ra2 32. Bb3 Rxa3 33. Bxe6 c2 0-1

[Event "55th Groningen Open 2017"]
[Site "Groningen NED"]
[Date "2017.12.30"]
[Round "9.10"]
[White "Elgersma, Simon"]
[Black "Zelbel, Patrick"]
[Result "0-1"]
[BlackTitle "IM"]
[WhiteElo "2100"]
[BlackElo "2456"]
[WhiteFideId "1046101"]
[BlackFideId "24624322"]
[EventDate "2017.12.22"]

1. e4 Nf6 2. e5 Nd5 3. d4 d6 4. c4 Nb6 5. exd6 cxd6 6. d5 g6 7. Qd4 e5 8. dxe6
f6 9. Nc3 Nc6 10. Qd2 Bxe6 11. Nd5 Ne5 12. b3 Rc8 13. Bb2 Kf7 14. Ne2 Nbxc4 15.
bxc4 Nxc4 16. Bxf6 Qxf6 17. Nxf6 Nxd2 18. Kxd2 Kxf6 19. f4 Rc4 20. g3 d5 21. Bg2
Bb4+ 22. Ke3 Bg4 23. Bf3 Bc5+ 0-1

[Event "55th Groningen Open 2017"]
[Site "Groningen NED"]
[Date "2017.12.30"]
[Round "9.11"]
[White "Schoppen, Casper"]
[Black "Beukema, Jasper"]
[Result "1-0"]
[WhiteTitle "IM"]
[BlackTitle "FM"]
[WhiteElo "2395"]
[BlackElo "2233"]
[WhiteFideId "1046730"]
[BlackFideId "1032984"]
[EventDate "2017.12.22"]

1. d4 d5 2. c4 e6 3. Nc3 Nf6 4. cxd5 exd5 5. Bg5 Be7 6. e3 c6 7. Bd3 Nbd7 8. h3
O-O 9. Qc2 Re8 10. Nf3 Nf8 11. O-O Be6 12. Rab1 Qc8 13. Bxf6 Bxf6 14. Ne2 Ng6
15. b4 a6 16. a4 Qd7 17. Ng3 Rec8 18. Nh5 Be7 19. Nf4 Rc7 20. Nxe6 Qxe6 21. g3
Bd6 22. Kg2 Qe7 23. Qd2 Nf8 24. b5 axb5 25. axb5 c5 26. dxc5 Bxc5 27. Rfd1 Rd8
28. Qa2 Qf6 29. Be2 Ne6 30. Rxd5 Rdc8 31. Bd3 g6 32. Qe2 h5 33. h4 Bb6 34. Rb4
Rc1 35. Rb1 R1c3 36. Rd1 Rb3 37. Nd2 Rb4 38. Ne4 Qe7 39. Rd7 Qf8 40. Rxb7 Bc7
41. Nf6+ Kg7 42. Nd5 1-0

[Event "55th Groningen Open 2017"]
[Site "Groningen NED"]
[Date "2017.12.30"]
[Round "9.12"]
[White "Kathmale, Sameer"]
[Black "Maatman, Nick"]
[Result "1-0"]
[WhiteTitle "IM"]
[BlackTitle "FM"]
[WhiteElo "2264"]
[BlackElo "2367"]
[WhiteFideId "5024498"]
[BlackFideId "1040391"]
[EventDate "2017.12.22"]

1. e4 e6 2. d4 d5 3. Nc3 Bb4 4. exd5 exd5 5. Bd3 Nf6 6. Ne2 O-O 7. O-O c6 8. Ng3
Re8 9. h3 b6 10. Qf3 Ba6 11. Bg5 Bxd3 12. Bxf6 Qxf6 13. Qxf6 gxf6 14. cxd3 Kg7
15. Rac1 Kg6 16. Nce2 Bd6 17. f4 f5 18. Rf2 a5 19. Nf1 Ra7 20. Nh2 Rae7 21. Kf1
Re3 22. Rd1 Na6 23. a3 c5 24. Nf3 cxd4 25. Nfxd4 Nc5 26. Rf3 Rxf3+ 27. Nxf3 Re3
28. Ne1 Na4 29. Rd2 Re7 30. Nf3 Rc7 31. g3 Kf6 32. Kg2 Bf8 33. Ne5 b5 34. Nd4 b4
35. axb4 Bxb4 36. Re2 Bc5 37. Nb5 Rb7 38. b3 Nb2 39. d4 Bb4 40. Rxb2 Rxb5 41.
Rc2 Rb7 42. Rc6+ Kg7 43. h4 h5 44. Kf2 Ba3 45. Ra6 f6 46. Nc6 Rxb3 47. Rxa5 Rb2+
48. Kf3 Rb3+ 49. Kg2 Rb2+ 50. Kh3 Rc2 51. Nd8 Rc8 52. Rxd5 Kg6 53. Rd7 Bb4 54.
d5 Kh6 55. Nc6 Ba3 56. Kg2 Re8 57. Nd4 Kg6 58. Ne6 Kh6 59. Kf3 Bb4 60. Ke2 Rc8
61. Rc7 Rxc7 62. Nxc7 Kg6 63. Ne6 Kf7 64. Nd4 Kg6 65. Nc6 Bc5 66. Kd3 Kf7 67.
Nd4 Kg6 68. Kc4 Ba7 69. Nc6 Bf2 70. d6 1-0